00617naa a2200181 a 450000100080000000500110000800800410001910000200006024501220008026000090020230000100021165300090022165300200023065300140025070000160026470000200028077301350030010497542006-11-14 2006 bl uuuu u00u1 u #d1 aHAWERROTH, F.J. aEfeito do uso de silicato de aluminio sobre a ocorrencia de Russeting em frutos de macieira (Malus domestica Borkn.). c2006 ap. 23 aMaca aMalus domestica aRusseting1 aPETRI, J.L.1 aYOSHIKAWA, E.R. tIn.: ENCONTRO NACIONAL SOBRE FRUTICULTURA DE CLIMA TEMPERADO, 9., 2006, Fraiburgo, SC. Anais: resumos...Cacador, SC: Epagri, 2006.